000 00719nam a2200253Ia 4500
003 OSt
005 20221006143718.0
006 a|||||r|||| 00| 0
007 ta
008 221006b |||||||| |||| 00| 0 eng d
020 _a0855202211
_c
_18.60
024 _a9,742
037 _cTextual
040 _aEASL
_cEASL
_beng
041 _2eng
_aeng
082 _aX8(A):8.41.N7, L7
100 _aANDORS Stephen
245 0 _aChina's industrial revolution
_b Politics, planning, and management, 1949 to the present
260 _aLondon
_bMartin Robertson
_c1977
300 _a346p.
_ccm.
490 _v CEL
942 _hX8(A):8.41.N7, L7
_cTEXL
_2CC
999 _c1077828
_d1077828